00735nam a22001817a 4500003000400000082002100004088001000025100002400035245009200059260007900151300000700230500009200237520009200329700001600421700001900437700002600456856007100482OSt 2631.75807 ASS/CO aP 182 aASSIYA LEBEEHA K. A aComparative evaluation of different micro irrigation methods in crop geometry of banana aTavanur 2008bKelappaji College of Agricultural Engineering and Technology a64 aComparative evaluation of different micro irrigation methods in crop geometry of banana aComparative evaluation of different micro irrigation methods in crop geometry of banana aBhavya P. R aSreekanth K. S aEr. T. D Raju (Guide) uhttps://drive.google.com/open?id=1o98paE2_9E7V1AAGae8gbLsiQdIFgS_o